| 000 | 01629cam a22002174a 4500 | ||
|---|---|---|---|
| 005 | 20250605163938.0 | ||
| 008 | 250528s ||||||||||||||||||||||||d | ||
| 035 | _a14921 | ||
| 020 | _a131562908 | ||
| 040 |
_aGR-AtMCL _bgre _dGR-AtMCL _eAACR2 |
||
| 245 | 1 | _aComparative International Accounting / Third Edition | |
| 250 | _a3rd | ||
| 260 |
_bPrentice Hall, _c1991 |
||
| 300 | _a524 | ||
| 520 | _aA comprehensive text on international financial reporting and multinational financial management. Preface and Introduction, Context of International Accounting, Introduction and Causes of Differences, Major International Differences in Financial Reporting, International Classification of Financial Reporting, Regulating Financial Reporting in the United Kingdom and the United States and Australia and Canada, Harmonization of Financial Accounting, Country Studies, Financial Reporting in North America, Financial Reporting in the United Kingdom and Australia, Financial Reporting in France, Financial Reporting in Germany, Financial Reporting in the Netherlands, Financial Reporting in Japan, Financial Reporting in Developing Countries, Issues in International Accounting, Consolidation, Foreign Currency Translation, Segment Reporting, Inflation Accounting, International Financial Analysis, Multinationals and Financial Control, The Nature and Growth of MNEs, Foreign Exchange Risk Management, Classification and Harmonization of Corporate Income Taxes, International Transfer Pricing, Index. | ||
| 700 | 1 |
_aNobes Christopher _9726 |
|
| 700 | 1 |
_aParker Robert _9727 |
|
| 942 | _cBK | ||
| 999 |
_c531 _d531 |
||